000 00473nam a2200181Ia 4500
008 240925s9999 xx 000 0 und d
020 _a8177000349
082 _a621.382 CHA
100 _aChakrabarti, P.
245 0 _aAnalog Communication Systems
250 _a2nd
260 _aNew Delhi:
_bDhanpat Rai & Sons
_c,1998.
300 _axvi,1228p.
_bN.A
_fOriginal
500 _aIncludes Index
600 _aEngineering Technology
650 _aTechnology
942 _cBK
999 _c11931
_d11931